Language Quiz

Random Language or World Quiz

Most Clickable Languages Quiz Stats

 Plays Quiz Updated Aug 29, 2014

Support Sporcle.
Go Orange.
Score 0/15 Timer 03:00
3 Plays Today
% Correct
English
98.7%
Chinese
97.4%
Spanish
95.1%
Arabic
94.3%
Russian
90%
Hindi
89.1%
French
86.4%
Japanese
83.6%
% Correct
Portuguese
80.3%
German
79.4%
Korean
61.5%
Bengali
59.1%
Javanese
27.7%
Telugu
15.9%
Lahnda
11.9%

You're not logged in!

Compare scores with friends on all Sporcle quizzes.
OR
Log In

From the Vault

Click a Lincoln or Ford

by DesertSpartan

This quiz includes presidents, cars and everything in between.
Remove Ads.
Support Sporcle.
Get the best of Sporcle when you Go Orange. This ad-free experience offers more features, more stats, and more fun while also helping to support Sporcle. Thank you for becoming a member.

Show Comments

Extras

Top Quizzes Today


Score Distribution

Your Account Isn't Verified!

In order to create a playlist on Sporcle, you need to verify the email address you used during registration. Go to your Sporcle Settings to finish the process.

Report this User

Report this user for behavior that violates our Community Guidelines.

Details: